Detalles MARC
| 000 -CABECERA |
| campo de control de longitud fija |
02507nam a2200313 i 4500 |
| 001 - NÚMERO DE CONTROL |
| campo de control |
000011490 |
| 003 - IDENTIFICADOR DEL NÚMERO DE CONTROL |
| campo de control |
DO-SdBNP |
| 005 - FECHA Y HORA DE LA ÚLTIMA TRANSACCIÓN |
| campo de control |
20250401144322.0 |
| 007 - CAMPO FIJO DE DESCRIPCIÓN FÍSICA--INFORMACIÓN GENERAL |
| campo de control de longitud fija |
ta |
| 008 - DATOS DE LONGITUD FIJA--INFORMACIÓN GENERAL |
| campo de control de longitud fija |
091019s2003 dr 000 0 spa d |
| 040 ## - FUENTE DE LA CATALOGACIÓN |
| Centro catalogador/agencia de origen |
DO-SdBNP |
| Lengua de catalogación |
spa |
| Centro/agencia transcriptor |
BNPHU |
| Normas de descripción |
rda |
| 041 ## - CÓDIGO DE LENGUA |
| Código de lengua del texto/banda sonora o título independiente |
spa |
| 082 #4 - NÚMERO DE LA CLASIFICACIÓN DECIMAL DEWEY |
| Número de clasificación |
RD862.44 |
| Número de documento/Ítem |
R426d |
| Número de edición |
22 |
| 111 2# - ENTRADA PRINCIPAL--NOMBRE DE CONGRESO/REUNIÓN |
| Nombre de congreso/reunión o jurisdicción como elemento de entrada |
Concurso Nacional de Dramaturgia Express |
| Número del congreso/reunión o número de parte o sección |
(1ro. : |
| Fecha del congreso/reunión |
2003 : |
| Sede del congreso/Lugar de la reunión |
Santo Domingo, República Dominicana) |
| 9 (RLIN) |
27196 |
| 245 10 - MENCIÓN DE TÍTULO |
| Título |
XI marzo teatral 2003 / |
| Mención de responsabilidad, etc. |
prólogo, Henry Mercedes Vales. |
| 246 14 - FORMA VARIANTE DE TÍTULO |
| Título propio/Titulo breve |
Undécimo marzo teatral 2003 |
| 264 ## - PRODUCCIÓN, PUBLICACIÓN, DISTRIBUCIÓN, FABRICACIÓN Y COPYRIGHT |
| Producción, publicación, distribución, fabricación y copyright |
Santo Domingo : |
| Nombre del de productor, editor, distribuidor, fabricante |
Secretaría de Estado de Cultura, |
| Fecha de producción, publicación, distribución, fabricación o copyright |
2003. |
| 300 ## - DESCRIPCIÓN FÍSICA |
| Extensión |
255 páginas ; |
| Dimensiones |
19 cm. |
| 336 ## - TIPO DE CONTENIDO |
| Término de tipo de contenido |
texto |
| Código de tipo de contenido |
txt |
| Fuente |
rdacontent |
| 337 ## - TIPO DE MEDIO |
| Nombre/término del tipo de medio |
sin mediación |
| Código del tipo de medio |
n |
| Fuente |
rdamedia |
| 338 ## - TIPO DE SOPORTE |
| Nombre/término del tipo de soporte |
volumen |
| Código del tipo de soporte |
nc |
| Fuente |
rdacarrier |
| 505 2# - NOTA DE CONTENIDO CON FORMATO |
| Nota de contenido con formato |
Presentación - Tony Raful |
| Título |
Reflexión y joven dramaturgia / |
| Mención de responsabilidad |
Giovanny Cruz Durán -- |
| Título |
Marzo teatral, un evento con historia / |
| Mención de responsabilidad |
Rafael Villalona -- |
| Título |
El teatro nuestro de cada día / |
| Mención de responsabilidad |
Karina Noble -- |
| Título |
Día internacional del teatro, proclama / |
| Mención de responsabilidad |
Carlos Esteban Deive -- |
| Título |
PRIMER CONCURSO NACIONAL DE DRAMATURGIA EXPRESS 2003 -- |
| -- |
Bases del concurso -- |
| -- |
Veredicto del jurado -- |
| -- |
Prólogo -- |
| Mención de responsabilidad |
Henry Mercedes Vales -- |
| Título |
Medea / |
| Mención de responsabilidad |
Diógenes Lamarche, primer premio -- |
| Título |
Variaciones para Medea / |
| Mención de responsabilidad |
Hamlet Bodden. Primera mención accesist a premio |
| Título |
El placer de la noche / |
| Mención de responsabilidad |
Edith J. Parra Abreu. Segunda mención accesist a premio -- |
| Título |
Medea / |
| Mención de responsabilidad |
Jorge Mendoza. 3ª mención -- |
| Título |
Hecatombe de la patria / |
| Mención de responsabilidad |
Merylois Piantini. 4ª mención -- |
| Título |
Juicio a Medea / |
| Mención de responsabilidad |
Julio Joseph 5ª mención -- |
| Título |
Mariposa 13 / |
| Mención de responsabilidad |
Ana María Ventura. 6ª mención -- |
| Título |
La trampa / |
| Mención de responsabilidad |
Johanna González, 7ª mención -- |
| Título |
A oscuras / |
| Mención de responsabilidad |
Canek Dennis Fernández, 8ª mención -- |
| Título |
Señora tres cuartos / |
| Mención de responsabilidad |
Pavel Marcano, 9º mención -- |
| Título |
HUELLAS DEL TEATRO DOMINICANO. XI marzo teatral. Encuentros teóricos / |
| -- |
Presentación de Claudio Rivera -- |
| -- |
Gesetión teatral -- |
| -- |
Formación teatral -- |
| -- |
Creación teatral -- |
| -- |
Patrocinio privado -- |
| -- |
LOS CAMINOS DE LA CREACION TEATRAL EN REPUBLICA DOMINICANA. II muestra dominicana de teatro de CODARTE 2001 -- |
| -- |
Presentación Fernando Castillo -- |
| -- |
Prólogo Marylin Garbey |
| -- |
Formación teatral -- |
| -- |
Puesta en escena -- |
| -- |
Actuación -- |
| -- |
Dramaturgia |
| 590 ## - NOTA LOCAL (RLIN) |
| Nota local |
Inventariado, 2023 /LP |
| 650 #0 - PUNTO DE ACCESO ADICIONAL DE MATERIA--TÉRMINO DE MATERIA |
| Término de materia o nombre geográfico como elemento de entrada |
Teatro dominicano |
| 9 (RLIN) |
637 |
| 650 #0 - PUNTO DE ACCESO ADICIONAL DE MATERIA--TÉRMINO DE MATERIA |
| Término de materia o nombre geográfico como elemento de entrada |
Literatura dominicana. |
| 9 (RLIN) |
67 |
| 700 1# - PUNTO DE ACCESO ADICIONAL--NOMBRE DE PERSONA |
| Nombre de persona |
Mercedes Vales, Henry, |
| Término indicativo de función/relación |
prologuista |
| Código de función/relación |
pr. |
| 9 (RLIN) |
27197 |
| 710 1# - PUNTO DE ACCESO ADICIONAL--NOMBRE DE ENTIDAD CORPORATIVA |
| Nombre de entidad corporativa o nombre de jurisdicción como elemento de entrada |
República Dominicana. |
| Unidad subordinada |
Secretaría de Estado de Cultura |
| 9 (RLIN) |
6453 |
| 942 ## - ELEMENTOS DE PUNTO DE ACCESO ADICIONAL (KOHA) |
| Fuente del sistema de clasificación o colocación |
Dewey Decimal Classification |
| Tipo de ítem Koha |
Libro |